Rückblick 2024 - Länder zuordnen (Amerika) - Statistiken

Allgemein
  • Dieses Quiz wurde 40 mal gespielt
    34 seit der letzten Aktualisierung
  • Das Durchschnittsergebnis liegt bei 4 aus 15
Antwortstatistiken
Hint Antwort % Korrekt
Ein wichtiger politischer Kandidat wird beinahe bei einem Anschlag getötet, überlebt jedoch mit kleineren Verletzungen an seinem Ohr. Vereinigte Staaten
96%
Dieses Land gewinnt den Copa América. Argentinien
48%
Die Bevölkerungszahl steigt auf über 41 Millionen, von denen etwa 30 % in einem anderen Land geboren wurden. Kanada
44%
Claudia Sheinbaum wird zur Präsidentin gewählt – Sie ist die erste Frau und die erste jüdische Person, die dieses Amt innehält. Mexiko
41%
Nayib Bukele wird mit 80 % der Stimmen als Präsident wiedergewählt. El Salvador
33%
Nach Wahlbetrug und anderen Unregelmäßigkeiten bei der Präsidentschaftswahl kommt es ab Juli zu landesweiten Protesten Venezuela
30%
Dieses Land wirft Deutschland „Begünstigung zum Völkermord“ im Gazastreifen vor. Nicaragua
26%
Präsident Daniel Noboa ruft nach dem Gefängnisausbruch eines Kartellanführers den Ausnahmezustand aus. Ecuador
22%
Nachdem Gangs zwei Gefängnisse stürmen und die Abdankung des Premierministers fordern, wird der Ausnahmezustand ausgerufen. Haiti
22%
Dieses Land sperrt die Social-Media-Plattform X für etwas mehr als einen Monat Brasilien
19%
Sebastián Piñera, ehemaliger Präsident dieses Landes, stirbt bei einem Hubschrauber-Unfall. Chile
19%
Luis Abinader wird mit 57% der Stimmen als Präsident wiedergewählt. Dominikanische Republik
19%
José Raúl Mulino wird mit 34% der Stimmen zum Präsident gewählt. Er war der Ersatz für Ricardo Martinelli, der wegen Geldwäsche zu 10 Jahren Gefängnis verurteilt wurde. Panama
11%
Nach einer Stichwahl wird Yamandú Orsi der linken Partei Movimiento de Participación Popular zum Präsidenten gewählt. Uruguay
11%
Hier trifft Hurrikan Beryl erstmals auf Land. Grenada
7%
Keine übereinstimmenden Quizze gefunden
Verteilung der Resultate
Anzahl Personen mit jedem Resultat
Perzentil nach korrekt beantworteten Fragen
Ihre Resultats-Entwicklung
Sie haben dieses Quiz seit der letzten Aktualisierung nicht gespielt